000 00473nam a2200193Ia 4500
003 OSt
005 20221007083206.0
006 a|||||r|||| 00| 0
007 ta
008 221006b |||||||| |||| 00| 0 eng d
024 _a22,591
037 _cDissertations
040 _aFLL
_cFLL
_beng
041 _2eng
_aeng
100 _aAbrol S.R.
_9700436
245 0 _aLegal control of practice of sati
942 _cDIS
_2CC
999 _c1169171
_d1169171